000 02577nam a2200373 a 4500
001 ebr10735208
003 CaPaEBR
006 m o u
007 cr cn|||||||||
008 130529s2013 caua sb 001 0 eng d
010 _z 2013007721
020 _z9781118345719 (pbk.)
020 _z9781118420140 (e-book)
040 _aCaPaEBR
_cCaPaEBR
035 _a(OCoLC)857081186
050 1 4 _aGV1203
_b.S4953 2013eb
082 0 4 _a790.1/922
_223
100 1 _aSher, Barbara.
245 1 4 _aThe whole spectrum of social, motor, and sensory games
_h[electronic resource] :
_busing every child's natural love of play to enhance key skills and promote inclusion /
_cBarbara Sher with Karen Beardsley ; illustrations by Ralph Butler.
250 _a1st ed.
260 _aSan Francisco :
_bJossey-Bass, a Wiley brand,
_c2013.
300 _axxx, 272 p. :
_bill.
504 _aIncludes bibliographical references and index.
520 _a"Fun easy games for parents and teachers to play with kids of all ages Play is increasingly recognized by neuroscientists and educators as a vital component in brain development, academic success and learning social skills. In this inspiring and useful resource, Barbara Sher provides step-by-step directions for how to use children's natural interests at different stages of their development to help them develop a wealth of sensory motor and social skills. All the games have also been designed to provide plenty of joyful opportunities for encouraging inclusion. Offers strategies for helping all kids, but especially those with special needs, to develop social, motor and sensory skills Filled with simple games using common materials that can be used by teachers, parents, and caregivers with both individual kids and groups Provides explanations and examples of how the games can aid in a child's development This resource offers parents and teachers a fun and easy way to include all children in activities that will engage all of their senses and promote important skills"--
_cProvided by publisher.
533 _aElectronic reproduction.
_bPalo Alto, Calif. :
_cebrary,
_d2013.
_nAvailable via World Wide Web.
_nAccess may be limited to ebrary affiliated libraries.
650 0 _aGames.
650 0 _aEducational games.
650 0 _aChild development.
655 7 _aElectronic books.
_2local
700 1 _aBeardsley, Karen.
700 1 _aButler, Ralph.
710 2 _aebrary, Inc.
856 4 0 _uhttp://site.ebrary.com/lib/rucke/Doc?id=10735208
_zAn electronic book accessible through the World Wide Web; click to view
999 _c36943
_d36943